| 000 | 00733nam a2200217 a 4500 | ||
|---|---|---|---|
| 999 |
_c6378 _d6378 |
||
| 001 | 6378 | ||
| 003 | BD-JhCC | ||
| 005 | 20180122164521.0 | ||
| 008 | 180122s2008 bg |||| || | 000 0 ben d | ||
| 035 | _a(BD-JhCC)6378 | ||
| 040 |
_aBD-JhCC _dBD-JhCC |
||
| 041 | _aben | ||
| 082 |
_a923 _bCHO 2008 |
||
| 100 | _aচৌধুরী, তিতাস | ||
| 245 |
_aইষ্ট বেঙ্গল রেজিেমেন্টর জনক মেজর আবদুল গণি : জীবন ও কর্ম / _cতিতাস চৌধুরী, |
||
| 260 |
_aঢাকা : _bগতিধারা প্রকাশনী, _c2008 |
||
| 300 |
_a110 p. : _c24 cm. |
||
| 650 | _aBiography | ||
| 942 |
_2ddc _cBK |
||